Online
Catalog

El maestro y el niño : (Record no. 22764)

MARC details
000 -CABECERA
campo de control de longitud fija 00976nam a2200241 a 4500
001 - NÚMERO DE CONTROL
campo de control 000023267
005 - FECHA Y HORA DE LA ÚLTIMA TRANSACCIÓN
campo de control 20200930022111.0
008 - DATOS DE LONGITUD FIJA--INFORMACIÓN GENERAL
campo de control de longitud fija 101201s1968 sp ac r 000 0 spa d
040 ## - FUENTE DE LA CATALOGACIÓN
Centro catalogador/agencia de origen DO-SdBNP
Lengua de catalogación spa
Centro/agencia transcriptor BNPHU
041 17 - CÓDIGO DE LENGUA
Código de lengua del texto/banda sonora o título independiente spa
Código de lengua original eng
Fuente del código Código de idiomas MARC
082 ## - NÚMERO DE LA CLASIFICACIÓN DECIMAL DEWEY
Número de clasificación 371.102
Número de documento/Ítem M933m
049 ## - FONDOS LOCALES (OCLC)
Fondos de biblioteca BNGR
100 1# - ENTRADA PRINCIPAL--NOMBRE DE PERSONA
Nombre de persona Moustakas, Clark E.,
9 (RLIN) 47903
240 14 - TÍTULO UNIFORME
Título uniforme The teacher and the child: personal interaction in the classroom.
Lenguaje de la obra Español.
245 13 - MENCIÓN DE TÍTULO
Título El maestro y el niño :
Resto del título interacción personal en el aula /
Mención de responsabilidad, etc. Clark E. Moustakas ; traducción de Víctor Auz ; prólogo de Dorothy Lee.
260 ## - PUBLICACIÓN, DISTRIBUCIÓN, ETC.
Lugar de publicación, distribución, etc. Madrid :
Nombre del editor, distribuidor, etc. Aguilar,
Fecha de publicación, distribución, etc. 1968.
300 ## - DESCRIPCIÓN FÍSICA
Extensión xix, 266 p. :
Otras características físicas il., retrs. ;
Dimensiones 22 cm.
534 ## - NOTA SOBRE LA VERSIÓN ORIGINAL
Frase introductoria Título original en inglés:
Mención de título del original The teacher and the child: personal interaction in the classroom.
Publicación, distribución, etc. del original McGraw Hill, 1960
650 #4 - PUNTO DE ACCESO ADICIONAL DE MATERIA--TÉRMINO DE MATERIA
Término de materia o nombre geográfico como elemento de entrada Educación
Subdivisión general Enseñanza
9 (RLIN) 692
650 #4 - PUNTO DE ACCESO ADICIONAL DE MATERIA--TÉRMINO DE MATERIA
Término de materia o nombre geográfico como elemento de entrada Escuelas
9 (RLIN) 47904
700 1# - PUNTO DE ACCESO ADICIONAL--NOMBRE DE PERSONA
Nombre de persona Auz, Víctor,
Término indicativo de función/relación tr.
9 (RLIN) 47905
700 1# - PUNTO DE ACCESO ADICIONAL--NOMBRE DE PERSONA
Nombre de persona Lee, Dorothy,
Término indicativo de función/relación pról.
9 (RLIN) 47906
Holdings
Estado de retiro Estado de pérdida Restricciones de uso No para préstamo Código de colección Localización permanente Ubicación/localización actual Ubicación en estantería Fecha de adquisición Número de inventario Total de préstamos Signatura topográfica completa Código de barras Fecha visto por última vez Precio válido a partir de Tipo de ítem Koha
    Préstamo interno   Monografías: Libros y Folletos General General En catalogación 01.12.2010 LF1   371.102 M933m 23267-10 25.06.2020 25.06.2020 Préstamo interno

Powered by Koha